Špecifikácia príjmov oslobodených od dane z príjmov právnických osôb s príkladmi

Príjmy, ktoré sú oslobodené od dane podľa Zákona o príjmoch.

Guardado en:
Detalles Bibliográficos
Autor principal: Zubaľová, Alena, 1959-
Formato: Capítulo de libro
Lenguaje:eslovaco
Materias:
Etiquetas: Agregar Etiqueta
Sin Etiquetas, Sea el primero en etiquetar este registro!

MARC

LEADER 00000naa a2200000 4500
001 r048827
005 20230927071534.9
041 0 |a slo 
044 |a SK 
245 1 0 |a Špecifikácia príjmov oslobodených od dane z príjmov právnických osôb s príkladmi  |c Alena Zubaľová 
520 |a Príjmy, ktoré sú oslobodené od dane podľa Zákona o príjmoch. 
610 2 0 |a dane z príjmov 
610 2 0 |a oslobodenie od daní 
610 2 0 |a osoby fyzické 
100 1 |a Zubaľová, Alena, 1959-